[Event "Baianos-ch"]
[Site "Salvador"]
[Date "2015.10.09"]
[Round "1"]
[White "Costa, Yure Mota"]
[Black "Freitas, Remulo Aguiar"]
[Result "0-1"]
[WhiteElo "1749"]
[BlackElo "2043"]
[PlyCount "81"]
[EventDate "2015.10.09"]
[EventType "swiss"]
[EventRounds "7"]
[EventCountry "BRA"]
[SourceTitle "EXT 2022"]
[Source "ChessBase"]
[SourceDate "2021.10.06"]
[SourceVersion "1"]
[SourceVersionDate "2021.10.06"]
[SourceQuality "1"]

1. e4 e5 2. Nf3 Nc6 3. Bb5 Nge7 4. d3 g6 5. 0-0 Bg7 6. Be3 0-0 7. Nc3 d5 8. exd5 Nxd5 9. Nxd5 Qxd5 10. c4 Qd6 11. Bxc6 Qxc6 12. h3 Rd8 13. Qe2 Be6 14. Rfd1 Rd7 15. Ng5 Bf5 16. Ne4 Bxe4 17. dxe4 Rxd1+ 18. Rxd1 Qxe4 19. Rd7 Bh6 20. Qd2 Bxe3 21. fxe3 Qxc4 22. Qa5 Qc1+ 23. Kh2 Qxe3 24. Qxc7 Qf4+ 25. Kh1 Re8 26. Qxb7 e4 27. Rd4 Qe5 28. Rd5 Qe6 29. Qb5 e3 30. Rd1 e2 31. Re1 Qe3 32. Kh2 Re6 33. b3 Re5 34. Qc4 Qf2 35. Qc8+ Kg7 36. Qc3 f6 37. Qg3 Qd4 38. Qf3 Qd2 39. Qf2 Re3 40. a4 Qd4 41. Rxe2 0-1